Statistics for The Prague Quiz

Click here to take the quiz!

General Stats

  • This quiz has been taken 243 times
  • The average score is 15 of 25

Answer Stats

QuestionAnswer% Correct
Prague is the capital of which country?Czech Republic
98%
"Prague" in the local languagePraha
96%
Most famous bridgeCharles Bridge
95%
Huge complex and residence of the PresidentPrague {Castle}
89%
Story writer known for the MetamorophosisFranz Kafka
82%
Main riverVltava
75%
Writer and politician after whom the international airport was namedVáclav Havel
71%
Non-violent transition of power in 1989{Velvet} Revolution
69%
Year of the "Prague Spring"1968
68%
Name of the most successful football and ice hockey club in PragueSparta Prague
59%
Hill with an Eiffel Tower replicaPetřín
58%
House designed by Frank Gehry{Dancing} House
57%
Nickname of Praguethe City of {Hundred} Spires
57%
When visiting Prague, you won't be able not to try this rolled dough with sugar and vanillaTrdelník
54%
Holy Roman Emperor who increased the prestige of Prague (name + numeral)Charles IV
50%
Event of major importance in 1618{Defenestration} of Prague
49%
The "Little Side" (= left bank) of PragueMalá Strana
48%
What is the "palladium" ?a mall
48%
What is the "stromovka" ?a park
44%
Manufacturers of Prague's tramwaysŠkoda
43%
Second-largest ice hockey arena in EuropeO2 Arena
42%
Patron of PragueSaint Wenceslaus I
33%
Oldest surviving synagogue in Europe{Old} {New} Synagogue
28%
Small street in ^ where alchemists may have livedGolden Lane
22%
Manufacturers of Prague's tramwaysTatra
17%

Score Distribution

Percentile by Number Answered

Percent of People with Each Score

Your Score History

You have not taken this quiz